00426nam a22001577a 450000500170000001000150001702000260003203500130005803700130007108200080008410000210009224500570011326000350017027000420020530000210024720150921121653.0 aENG-110098 a9789350481868c250.00 aEN-93631 bDBAD/PUB a483 aVaishnav, Harmik aDictionary of confusable words /cby Harmik Vaishnav aNew DelhibPrabhat Booksc2012 a4/19 Asaf Ali RoadbNew Delhie110002 a175p. c22cm(Hb)